[Event "EIRCC 2019"]
[Site "Tallinn"]
[Date "2019.12.05"]
[Round "2.23"]
[White "Pershin, Denis"]
[Black "Buchcar, Tomas"]
[Result "1-0"]
[WhiteElo "2509"]
[BlackElo "2137"]
[Annotator "ChessBase"]
[PlyCount "49"]
[EventDate "2019.12.05"]
[EventType "swiss"]
[EventCountry "EST"]
[SourceTitle "playchess.com"]
[Source "ChessBase"]
[SourceQuality "1"]
[TimeControl "900+10"]

1. d4 {[%emt 0:00:00]} Nf6 {[%emt 0:00:00]} 2. c4 {[%emt 0:00:00]} c5 {[%emt 0:00:00]} 3. d5 {[%emt 0:00:00]} e5 {[%emt 0:00:00]} 4. Nc3 {[%emt 0:00:00]} d6 {[%emt 0:00:00]} 5. e4 {[%emt 0:00:00]} Be7 {[%emt 0:00:00]} 6. Bd3 {[%emt 0:00:06]} Nbd7 {[%emt 0:00:05]} 7. Nge2 {[%emt 0:00:02]} h6 {[%emt 0:00:18]} 8. f3 {[%emt 0:00:26]} Nf8 {[%emt 0:00:16]} 9. Ng3 {[%emt 0:00:05]} Ng6 {[%emt 0:00:00]} 10. Nf5 {[%emt 0:00:10]} O-O {[%emt 0:00:00]} 11. g3 {[%emt 0:00:14]} Re8 {[%emt 0:00:31]} 12. Be3 {[%emt 0:00:14]} Bf8 {[%emt 0:00:07]} 13. Kf2 {[%emt 0:00:35]} Ne7 {[%emt 0:00:20]} 14. g4 {[%emt 0:00:31]} Nxf5 {[%emt 0:00:15]} 15. exf5 {[%emt 0:01:38]} Be7 {[%emt 0:01:40]} 16. Qd2 {[%emt 0:00:30]} Nh7 {[%emt 0:00:24]} 17. Rag1 {[%emt 0:00:18]} Bg5 {[%emt 0:00:06]} 18. Bxg5 {[%emt 0:01:12]} Qxg5 {[%emt 0:03:33]} 19. Qxg5 {[%emt 0:00:04]} hxg5 {[%emt 0:00:02]} 20. Ne4 {[%emt 0:00:16]} Rd8 {[%emt 0:00:49]} 21. h4 {[%emt 0:00:02]} gxh4 {[%emt 0:00:47]} 22. Rxh4 {[%emt 0:00:02]} Nf6 {[%emt 0:01:45]} 23. Nxf6+ {[%emt 0:00:40]} gxf6 {[%emt 0:00:11]} 24. g5 {[%emt 0:00:02]} Kg7 {[%emt 0:00:14]} 25. g6 {[%emt 0:00:22]} 1-0

[Event "EIRCC 2019"]
[Site "Tallinn"]
[Date "2019.12.05"]
[Round "2.24"]
[White "Belenkaya, Dina"]
[Black "Sebenik, Matej"]
[Result "0-1"]
[WhiteElo "2147"]
[BlackElo "2504"]
[Annotator "ChessBase"]
[PlyCount "92"]
[EventDate "2019.12.05"]
[EventType "swiss"]
[EventCountry "EST"]
[SourceTitle "playchess.com"]
[Source "ChessBase"]
[SourceQuality "1"]
[TimeControl "900+10"]

1. e4 {[%emt 0:00:00]} e6 {[%emt 0:00:00]} 2. Qe2 {[%emt 0:00:00]} c5 {[%emt 0:00:00]} 3. g3 {[%emt 0:00:07]} Nc6 {[%emt 0:00:29]} 4. Nf3 {[%emt 0:00:02]} d6 {[%emt 0:00:09]} 5. Bg2 {[%emt 0:00:19]} Be7 {[%emt 0:00:44]} 6. O-O {[%emt 0:00:39]} Bf6 {[%emt 0:00:04]} 7. c3 {[%emt 0:01:17]} Nge7 {[%emt 0:00:07]} 8. d4 {[%emt 0:05:59]} cxd4 {[%emt 0:00:37]} 9. cxd4 {[%emt 0:00:01]} Nxd4 {[%emt 0:00:41]} 10. Nxd4 {[%emt 0:00:02]} Bxd4 {[%emt 0:00:01]} 11. Rd1 {[%emt 0:00:02]} e5 {[%emt 0:00:13]} 12. Nc3 {[%emt 0:00:31]} a6 {[%emt 0:00:20]} 13. Be3 {[%emt 0:02:19]} Nc6 {[%emt 0:00:09]} 14. Qd2 {[%emt 0:00:19]} Bg4 {[%emt 0:00:20]} 15. f3 {[%emt 0:00:39]} Be6 {[%emt 0:00:02]} 16. f4 {[%emt 0:00:18]} f6 {[%emt 0:02:09]} 17. h3 {[%emt 0:02:11]} Qb6 {[%emt 0:00:51]} 18. Bxd4 {[%emt 0:00:01]} Qxd4+ {[%emt 0:00:01]} 19. Qf2 {[%emt 0:00:19]} Qxf2+ {[%emt 0:00:01]} 20. Kxf2 {[%emt 0:00:01]} Ke7 {[%emt 0:00:13]} 21. Rd2 {[%emt 0:00:14]} Rac8 {[%emt 0:00:11]} 22. Rad1 {[%emt 0:00:42]} Rhd8 {[%emt 0:00:19]} 23. Bf1 {[%emt 0:00:21]} Nd4 {[%emt 0:00:10]} 24. g4 {[%emt 0:00:39]} g6 {[%emt 0:00:44]} 25. Ke3 {[%emt 0:00:20]} b5 {[%emt 0:00:08]} 26. f5 {[%emt 0:00:11]} Bf7 {[%emt 0:00:05]} 27. h4 {[%emt 0:00:05]} b4 {[%emt 0:00:34]} 28. Nb1 {[%emt 0:00:45]} a5 {[%emt 0:00:17]} 29. a3 {[%emt 0:00:03]} gxf5 {[%emt 0:00:01]} 30. gxf5 {[%emt 0:00:03]} Bh5 {[%emt 0:00:02]} 31. Rxd4 {[%emt 0:00:22]} exd4+ {[%emt 0:00:02]} 32. Rxd4 {[%emt 0:00:01]} Rc1 {[%emt 0:01:33]} 33. Nd2 {[%emt 0:00:15]} bxa3 {[%emt 0:00:06]} 34. bxa3 {[%emt 0:00:01]} Rc3+ {[%emt 0:00:02]} 35. Rd3 {[%emt 0:00:00]} Rdc8 {[%emt 0:00:13]} 36. Nb3 {[%emt 0:00:07]} Rxd3+ {[%emt 0:00:25]} 37. Bxd3 {[%emt 0:00:03]} a4 {[%emt 0:01:10]} 38. Nd4 {[%emt 0:00:44]} Rc3 {[%emt 0:00:07]} 39. Nc2 {[%emt 0:00:08]} Bf7 {[%emt 0:01:01]} 40. Kd4 {[%emt 0:00:37]} Rb3 {[%emt 0:00:02]} 41. Nb4 {[%emt 0:00:51]} Rxa3 {[%emt 0:00:11]} 42. Nc6+ {[%emt 0:00:01]} Kf8 {[%emt 0:00:08]} 43. Nd8 {[%emt 0:00:07]} Ra1 {[%emt 0:00:19]} 44. Nb7 {[%emt 0:00:16]} a3 {[%emt 0:00:13]} 45. Nxd6 {[%emt 0:00:04]} a2 {[%emt 0:00:07]} 46. Nxf7 {[%emt 0:00:12]} Rd1 {[%emt 0:00:05]} 0-1

[Event "EIRCC 2019"]
[Site "Tallinn"]
[Date "2019.12.05"]
[Round "2.25"]
[White "Varvadoukas, Theodoros"]
[Black "Potapov, Pavel"]
[Result "1-0"]
[WhiteElo "2146"]
[BlackElo "2482"]
[Annotator "TA"]
[PlyCount "103"]
[EventDate "2019.12.05"]
[EventType "swiss"]
[EventCountry "EST"]
[SourceTitle "playchess.com"]
[Source "ChessBase"]
[SourceQuality "1"]

{[%evp 14,103,0,0,30,29,37,18,37,31,81,33,59,55,86,87,92,100,133,86,104,99,118,0,188,174,183,160,167,164,185,124,133,98,198,202,366,318,329,295,319,104,108,91,135,103,271,102,149,152,166,170,162,146,161,177,239,104,178,190,268,272,212,130,185,185,193,189,194,178,166,149,206,118,158,167,202,47,63,0,0,0,12850,12851,4133,0,29980,29981,29981,29982,29982,29983]} 1. c4 f5 2. Nc3 Nf6 3. d3 d6 4. g3 g6 5. Bg2 Bg7 6. Nf3 O-O 7. O-O e5 8. b4 {[%cal Bb2b4,Bb4b5][%mdl 32]} Nc6 {A21: English Opening: 1...e5 2 Nc3} (8... Nh5 9. Bg5 Qe8 10. Nd5 Rf7 11. b5 f4 12. h3 fxg3 13. Be3 gxf2+ 14. Rxf2 c6 15. bxc6 bxc6 16. Nc3 {1-0 (35) Carlsen,M (2832)-Guseinov,G (2645) chess.com INT 2017}) 9. b5 Ne7 10. Qb3 $146 ({Predecessor:} 10. c5 h6 11. Qb3+ Kh7 12. Ba3 e4 13. cxd6 cxd6 14. dxe4 fxe4 15. Nd4 Ng4 16. e3 {1-0 (28) Zhigalko,A (2539)-Nugumanov,B (2387) Cheliabinsk 2019}) 10... Kh8 {The position is equal.} 11. a4 {[%cal Ba2a4,Ba4a5,Ba5b6][%mdl 32]} h6 12. a5 Rb8 13. c5 g5 14. b6 axb6 15. axb6 dxc5 16. Nxe5 {Hoping for Nf7+.} Kh7 17. Nf7 Qd7 18. Ne5 (18. bxc7 $1 $16 Qxc7 19. Nb5) 18... Qd6 $2 (18... Qd8 $1 $11 {and Black has nothing to worry.}) 19. Nc4 $1 $18 {[%cal Rc4d6]} Qd8 20. bxc7 Qxc7 21. Nb5 $36 {[%mdl 2048] Keeping Black busy.} Qd8 22. Be3 ({White should play} 22. Ba3 $18) 22... b6 $16 23. Ra7 Nfd5 (23... Be6 $16 {was worth a try.}) 24. Bc1 $1 $18 (24. Bxd5 $6 Nxd5 25. Bc1 Rb7 $16) 24... Bb7 $2 (24... Nc6 {was called for.}) 25. Bb2 Bxb2 26. Qxb2 (26. Nxb2 Qd7 $16) 26... Nc8 27. Ra3 $2 (27. Rfa1 $1 $18) 27... Qf6 28. Qxf6 Rxf6 29. Rfa1 Kg7 $2 {[#]} (29... Bc6 $16) 30. e4 $2 (30. Ne5 $1 $18 {and the rest is easy.}) 30... fxe4 31. dxe4 Nde7 32. e5 Rf8 33. Rd1 Bxg2 34. Kxg2 Rb7 {[#]} (34... Kh7 $142 35. Rd7 Kg6) 35. Rf3 (35. e6 $1 $18 {is the precise move to win.}) 35... Rxf3 (35... Nf5 $16) 36. Kxf3 Nc6 (36... Kg6 {is a better defense.} 37. Ke4 g4) 37. Ke4 g4 38. h3 Rf7 (38... gxh3 $16 39. f4 Rb8) 39. Rd2 (39. hxg4 $6 Rxf2 40. Rd7+ Kf8 $16) 39... gxh3 {...h2 is the strong threat.} 40. f4 Nd4 41. Nxd4 cxd4 {[%mdl 4096] Endgame KRN-KRN} 42. f5 Rc7 (42... Rf8 $16 43. Rh2 (43. Rxd4 b5 $16) 43... d3 44. Rxh3 b5) 43. Nd6 ({Don't blunder} 43. Kxd4 $2 Rd7+ 44. Nd6 Nxd6 $19) (43. Nb2 $18) 43... Nxd6+ 44. exd6 $16 {KR-KR} Ra7 45. Kd5 $2 (45. Kxd4 $18 {Strongly threatening Ke5.} Kf6 46. Rh2) 45... Kf6 $14 46. Kc6 (46. g4 $1 $14) 46... Kxf5 $11 47. Rxd4 {And now d7 would win.} b5 $2 {[%mdl 8192]} (47... h2 $11 48. Rf4+ (48. Rh4 Ra2 $11) 48... Kg5) 48. d7 $18 Ra8 49. Kxb5 $2 (49. Kb7 $18 Rg8 50. Kc7) 49... Ke6 $2 {[%mdl 8192]} (49... h2 $11 50. Rh4 {[%mdl 64] Double Attack} Ke6) 50. d8=Q {White mates.} Rxd8 51. Rxd8 h2 52. Rd1 {Accuracy: White = 44%, Black = 29%.} 1-0

[Event "EIRCC 2019"]
[Site "Tallinn"]
[Date "2019.12.05"]
[Round "2.26"]
[White "Semjonovs, Ilja"]
[Black "Kanep, Meelis"]
[Result "0-1"]
[WhiteElo "2141"]
[BlackElo "2466"]
[Annotator "ChessBase"]
[PlyCount "104"]
[EventDate "2019.12.05"]
[EventType "swiss"]
[EventCountry "EST"]
[SourceTitle "playchess.com"]
[Source "ChessBase"]
[SourceQuality "1"]
[TimeControl "900+10"]

1. d4 {[%emt 0:00:00]} Nf6 {[%emt 0:00:00]} 2. Nf3 {[%emt 0:00:00]} g6 {[%emt 0:00:00]} 3. Bg5 {[%emt 0:00:00]} Bg7 {[%emt 0:00:04]} 4. Bxf6 {[%emt 0:00:00]} Bxf6 {[%emt 0:00:05]} 5. e3 {[%emt 0:00:00]} O-O {[%emt 0:00:34]} 6. Bd3 {[%emt 0:00:01]} d6 {[%emt 0:00:14]} 7. h4 {[%emt 0:00:21]} e5 {[%emt 0:00:16]} 8. c3 {[%emt 0:00:12]} Qe7 {[%emt 0:00:21]} 9. dxe5 {[%emt 0:00:13]} dxe5 {[%emt 0:00:02]} 10. Nbd2 {[%emt 0:00:11]} Nd7 {[%emt 0:01:01]} 11. Ne4 {[%emt 0:00:45]} Nc5 {[%emt 0:00:06]} 12. Nxc5 {[%emt 0:00:14]} Qxc5 {[%emt 0:00:02]} 13. Qc2 {[%emt 0:00:22]} h5 {[%emt 0:01:42]} 14. O-O-O {[%emt 0:00:51]} Bg7 {[%emt 0:00:02]} 15. Ng5 {[%emt 0:00:20]} a5 {[%emt 0:00:44]} 16. Kb1 {[%emt 0:02:21]} a4 {[%emt 0:02:20]} 17. a3 {[%emt 0:00:08]} Qe7 {[%emt 0:00:11]} 18. f3 {[%emt 0:05:58]} Bh6 {[%emt 0:00:13]} 19. g4 {[%emt 0:00:40]} hxg4 {[%emt 0:00:08]} 20. fxg4 {[%emt 0:00:01]} Bxg4 {[%emt 0:02:52]} 21. Rdg1 {[%emt 0:00:40]} Bh5 {[%emt 0:00:09]} 22. Nxf7 {[%emt 0:02:41]} Rxf7 {[%emt 0:00:30]} 23. Bxg6 {[%emt 0:00:01]} Bxg6 {[%emt 0:00:33]} 24. Rxg6+ {[%emt 0:00:01]} Bg7 {[%emt 0:00:36]} 25. h5 {[%emt 0:00:02]} Kh8 {[%emt 0:00:16]} 26. h6 {[%emt 0:00:31]} Bf6 {[%emt 0:00:07]} 27. Rhg1 {[%emt 0:01:21]} Qf8 {[%emt 0:03:36]} 28. Qe4 {[%emt 0:01:26]} Re8 {[%emt 0:00:20]} 29. Rg8+ {[%emt 0:00:10]} Qxg8 {[%emt 0:00:04]} 30. Rxg8+ {[%emt 0:00:02]} Rxg8 {[%emt 0:00:26]} 31. Qxb7 {[%emt 0:00:01]} Kh7 {[%emt 0:01:36]} 32. Qe4+ {[%emt 0:00:14]} Kxh6 {[%emt 0:00:01]} 33. Qxa4 {[%emt 0:00:02]} Rg1+ {[%emt 0:00:53]} 34. Ka2 {[%emt 0:00:02]} Bg5 {[%emt 0:00:07]} 35. Qc6+ {[%emt 0:00:16]} Kg7 {[%emt 0:00:20]} 36. e4 {[%emt 0:00:13]} Re1 {[%emt 0:00:08]} 37. b4 {[%emt 0:00:07]} Bd2 {[%emt 0:00:14]} 38. Kb3 {[%emt 0:00:30]} Re3 {[%emt 0:00:03]} 39. Qd5 {[%emt 0:00:05]} Bxc3 {[%emt 0:00:04]} 40. Kc4 {[%emt 0:00:09]} Bd4 {[%emt 0:00:06]} 41. Qa5 {[%emt 0:00:13]} c6 {[%emt 0:00:19]} 42. b5 {[%emt 0:00:01]} Rc3+ {[%emt 0:00:11]} 43. Kb4 {[%emt 0:00:01]} Ra7 {[%emt 0:00:16]} 44. Qxa7+ {[%emt 0:00:19]} Bxa7 {[%emt 0:00:01]} 45. Kxc3 {[%emt 0:00:01]} cxb5 {[%emt 0:00:01]} 46. Kb4 {[%emt 0:00:05]} Kf6 {[%emt 0:00:03]} 47. Kxb5 {[%emt 0:00:01]} Kg5 {[%emt 0:00:01]} 48. Kc4 {[%emt 0:00:01]} Kf4 {[%emt 0:00:02]} 49. Kd5 {[%emt 0:00:01]} Bb6 {[%emt 0:00:03]} 50. Kc6 {[%emt 0:00:15]} Ba5 {[%emt 0:00:03]} 51. Kd5 {[%emt 0:00:02]} Bd2 {[%emt 0:00:03]} 52. a4 {[%emt 0:00:01]} Be1 {[%emt 0:00:02]} 0-1

[Event "EIRCC 2019"]
[Site "Tallinn"]
[Date "2019.12.05"]
[Round "2.27"]
[White "Loginov, Valery A"]
[Black "Ladopoulos, Dimitrios"]
[Result "1-0"]
[WhiteElo "2461"]
[BlackElo "2128"]
[Annotator "ChessBase"]
[PlyCount "73"]
[EventDate "2019.12.05"]
[EventType "swiss"]
[EventCountry "EST"]
[SourceTitle "playchess.com"]
[Source "ChessBase"]
[SourceQuality "1"]
[TimeControl "900+10"]

1. Nf3 {[%emt 0:00:00]} Nf6 {[%emt 0:00:46]} 2. g3 {[%emt 0:00:00]} g6 {[%emt 0:00:01]} 3. c4 {[%emt 0:00:00]} Bg7 {[%emt 0:00:03]} 4. Nc3 {[%emt 0:00:07]} O-O {[%emt 0:00:05]} 5. d4 {[%emt 0:00:03]} d6 {[%emt 0:00:03]} 6. Bg2 {[%emt 0:00:02]} Nbd7 {[%emt 0:00:02]} 7. O-O {[%emt 0:00:06]} e5 {[%emt 0:00:02]} 8. e4 {[%emt 0:00:04]} c6 {[%emt 0:00:01]} 9. Rb1 {[%emt 0:00:06]} Re8 {[%emt 0:00:55]} 10. d5 {[%emt 0:00:05]} Nc5 {[%emt 0:00:09]} 11. Ne1 {[%emt 0:00:18]} a5 {[%emt 0:00:56]} 12. Nd3 {[%emt 0:00:26]} Nxd3 {[%emt 0:01:46]} 13. Qxd3 {[%emt 0:00:03]} c5 {[%emt 0:00:02]} 14. b3 {[%emt 0:00:20]} Bd7 {[%emt 0:01:12]} 15. a3 {[%emt 0:00:04]} b6 {[%emt 0:01:36]} 16. b4 {[%emt 0:00:07]} Qc7 {[%emt 0:01:10]} 17. bxc5 {[%emt 0:00:24]} bxc5 {[%emt 0:00:02]} 18. Bd2 {[%emt 0:00:07]} Reb8 {[%emt 0:00:10]} 19. Rxb8+ {[%emt 0:00:13]} Rxb8 {[%emt 0:00:03]} 20. Rb1 {[%emt 0:00:02]} h5 {[%emt 0:02:36]} 21. Qc2 {[%emt 0:00:45]} h4 {[%emt 0:00:30]} 22. Nb5 {[%emt 0:00:34]} Bxb5 {[%emt 0:00:09]} 23. Rxb5 {[%emt 0:00:04]} hxg3 {[%emt 0:00:54]} 24. hxg3 {[%emt 0:00:02]} Rxb5 {[%emt 0:02:43]} 25. cxb5 {[%emt 0:00:03]} c4 {[%emt 0:01:26]} 26. a4 {[%emt 0:02:08]} Qc5 {[%emt 0:00:35]} 27. Bf3 {[%emt 0:00:38]} Qa3 {[%emt 0:00:24]} 28. Kg2 {[%emt 0:00:09]} Qb3 {[%emt 0:00:14]} 29. Bd1 {[%emt 0:02:57]} Nxe4 {[%emt 0:00:31]} 30. Qxb3 {[%emt 0:00:29]} cxb3 {[%emt 0:00:02]} 31. Bxb3 {[%emt 0:00:10]} Nc5 {[%emt 0:00:29]} 32. Bxa5 {[%emt 0:01:10]} Nxb3 {[%emt 0:00:16]} 33. Bb4 {[%emt 0:00:02]} Bf6 {[%emt 0:00:09]} 34. b6 {[%emt 0:01:43]} Bd8 {[%emt 0:00:03]} 35. a5 {[%emt 0:00:02]} Nc5 {[%emt 0:00:20]} 36. Bxc5 {[%emt 0:00:05]} dxc5 {[%emt 0:00:01]} 37. d6 {[%emt 0:00:02]} 1-0

[Event "EIRCC 2019"]
[Site "Tallinn"]
[Date "2019.12.05"]
[Round "2.28"]
[White "Kastner, Walter"]
[Black "Thorfinnsson, Bragi"]
[Result "0-1"]
[WhiteElo "2139"]
[BlackElo "2457"]
[Annotator "ChessBase"]
[PlyCount "78"]
[EventDate "2019.12.05"]
[EventType "swiss"]
[EventCountry "EST"]
[SourceTitle "playchess.com"]
[Source "ChessBase"]
[SourceQuality "1"]
[TimeControl "900+10"]

1. d4 {[%emt 0:00:00]} Nf6 {[%emt 0:00:00]} 2. Nf3 {[%emt 0:00:00]} g6 {[%emt 0:00:05]} 3. Nbd2 {[%emt 0:00:02]} d5 {[%emt 0:00:33]} 4. b4 {[%emt 0:00:02]} Bg7 {[%emt 0:00:07]} 5. e3 {[%emt 0:00:02]} c6 {[%emt 0:00:02]} 6. Be2 {[%emt 0:00:06]} O-O {[%emt 0:00:29]} 7. O-O {[%emt 0:00:09]} a5 {[%emt 0:00:03]} 8. b5 {[%emt 0:00:23]} c5 {[%emt 0:00:38]} 9. c3 {[%emt 0:01:53]} c4 {[%emt 0:01:07]} 10. Ne5 {[%emt 0:00:18]} Bf5 {[%emt 0:00:44]} 11. Re1 {[%emt 0:00:33]} Nfd7 {[%emt 0:00:50]} 12. Nxd7 {[%emt 0:01:46]} Nxd7 {[%emt 0:01:06]} 13. Bf3 {[%emt 0:00:34]} Nb6 {[%emt 0:00:17]} 14. e4 {[%emt 0:00:10]} dxe4 {[%emt 0:00:17]} 15. Nxe4 {[%emt 0:00:06]} Nd5 {[%emt 0:00:48]} 16. Bd2 {[%emt 0:00:51]} Rc8 {[%emt 0:01:41]} 17. Ng3 {[%emt 0:01:31]} Bd3 {[%emt 0:00:05]} 18. Bxd5 {[%emt 0:02:33]} Qxd5 {[%emt 0:00:02]} 19. a4 {[%emt 0:00:01]} e5 {[%emt 0:00:20]} 20. dxe5 {[%emt 0:00:05]} Bxe5 {[%emt 0:00:02]} 21. Qc1 {[%emt 0:00:02]} Rfe8 {[%emt 0:00:19]} 22. Be3 {[%emt 0:01:49]} h5 {[%emt 0:00:24]} 23. Ne2 {[%emt 0:00:02]} h4 {[%emt 0:01:26]} 24. h3 {[%emt 0:00:17]} Bb8 {[%emt 0:00:48]} 25. Qd2 {[%emt 0:01:54]} Qd6 {[%emt 0:00:39]} 26. f4 {[%emt 0:02:13]} Re4 {[%emt 0:01:20]} 27. Nd4 {[%emt 0:00:54]} Qf6 {[%emt 0:00:02]} 28. Nf3 {[%emt 0:00:26]} Rce8 {[%emt 0:00:19]} 29. Bd4 {[%emt 0:00:20]} Qxf4 {[%emt 0:00:30]} 30. Qxf4 {[%emt 0:00:07]} Bxf4 {[%emt 0:00:01]} 31. Rxe4 {[%emt 0:00:23]} Rxe4 {[%emt 0:00:02]} 32. Nxh4 {[%emt 0:00:11]} Rxd4 {[%emt 0:00:42]} 33. cxd4 {[%emt 0:00:08]} c3 {[%emt 0:00:01]} 34. Nf3 {[%emt 0:00:23]} Be3+ {[%emt 0:00:38]} 35. Kh1 {[%emt 0:00:05]} c2 {[%emt 0:00:01]} 36. Ne1 {[%emt 0:00:03]} Be4 {[%emt 0:00:16]} 37. Nxc2 {[%emt 0:00:15]} Bxc2 {[%emt 0:00:01]} 38. Re1 {[%emt 0:00:01]} Bxd4 {[%emt 0:00:03]} 39. Re7 {[%emt 0:00:01]} b6 {[%emt 0:00:06]} 0-1

[Event "EIRCC 2019"]
[Site "Tallinn"]
[Date "2019.12.05"]
[Round "2.29"]
[White "Ladva, Ottomar"]
[Black "Sorensen, Hampus"]
[Result "1-0"]
[WhiteElo "2446"]
[BlackElo "2121"]
[Annotator "TA"]
[PlyCount "113"]
[EventDate "2019.12.05"]
[EventType "swiss"]
[EventCountry "EST"]
[SourceTitle "playchess.com"]
[Source "ChessBase"]
[SourceQuality "1"]

{[%evp 9,113,28,44,19,27,18,25,25,31,12,22,18,29,19,23,8,27,0,12,-10,0,0,4,0,4,6,26,20,21,20,18,16,22,6,71,61,60,39,37,36,48,23,32,-1,18,17,98,-62,-63,-99,-100,-100,-117,-258,-99,-99,-99,-99,-65,-352,-351,-297,-297,-312,-219,-211,-211,-365,-365,-294,-267,-275,-275,-241,8,8,8,8,12,12,107,107,239,0,0,0,43,17,43,43,43,43,43,43,43,43,43,43,43,43,43,43,29988,29989,29997,29998]} 1. Nf3 d5 2. g3 Nd7 3. d4 Nb6 (3... b5 4. Bg2 Bb7 5. O-O Ngf6 6. a4 b4 7. c4 bxc3 8. Nxc3 e6 9. Bf4 c6 10. a5 Ba6 11. Qa4 {1-0 (48) Vitiugov,N (2727)-Postny,E (2601) Riga 2019}) 4. Bg2 Bf5 5. O-O e6 6. b3 $146 {D02: 1 d4 d5 2 Nf3 sidelines, including 2...Nf6 3 g3 and 2...Nf6 3 Bf4} ({Predecessor:} 6. Nbd2 Nf6 7. Ne5 c6 8. c4 Be7 9. Qb3 O-O 10. c5 Nbd7 11. Qxb7 Nxe5 12. dxe5 {½-½ (33) Barcza,G-Prins,L Leipzig 1960}) 6... c6 7. Nbd2 h6 8. Bb2 {White has an edge.} Nf6 9. a4 Bb4 10. c3 Be7 11. Ne5 Nbd7 12. Nxd7 Qxd7 13. a5 O-O 14. b4 Qc7 15. Qb3 Rfc8 16. Rfe1 Bh7 17. e3 Bd3 18. c4 dxc4 19. Nxc4 Bxc4 20. Qxc4 Nd5 21. Ba3 b6 (21... Qd8 $11) 22. e4 $16 Nf6 $1 23. Rec1 Qd8 24. Bb2 Rab8 25. axb6 (25. a6 {seems wilder.} b5 26. Qb3 Qf8 27. Bc3 Nd7 28. Bd2) 25... Qxb6 26. d5 (26. Ra6 {feels hotter.} Qxb4 27. Qxb4 Bxb4 28. Bf3 Bc5 29. Rxc5 Rxb2 30. d5) 26... exd5 27. exd5 Nxd5 (27... cxd5 $11 28. Qxc8+ Rxc8 29. Rxc8+ Kh7) 28. Bxd5 $2 (28. Be5 $16) 28... cxd5 $15 29. Qxc8+ Rxc8 30. Rxc8+ Kh7 31. Rd1 (31. Bc3 $17) 31... Bxb4 $2 ({Much less strong is} 31... Qxb4 32. Be5 $19) (31... a5 $19 32. Rcc1 Qxb4) 32. Bd4 $17 Qe6 33. Rcc1 a5 {Threatens to win with ...a4.} 34. Rb1 $2 {[%mdl 8192]} ({White should try} 34. Bc5 $15) 34... h5 $19 35. h4 Qe4 36. Ra1 Qc2 37. Be3 Qf5 $1 38. Bb6 $2 (38. Rac1) 38... Bc3 39. Rac1 Qe5 {And now ...d4 would win.} 40. Rd3 d4 {...Qb5 is the strong threat.} 41. Rcd1 {[%cal Rb6d4]} g6 $2 (41... Qe2 $1 $19 42. Bxd4 Bb4) 42. Bxd4 $11 Bxd4 43. Rxd4 {[%mdl 4096] Endgame KQ-KRR} Kg7 44. Ra4 f5 {[#]} (44... g5 $11) 45. Rd7+ $1 $16 Kh6 {[#]} (45... Kf6 $16) 46. Ra7 $2 (46. Rc4 $1 $18) 46... Qe1+ $11 47. Kg2 {Black must now prevent Rc4.} Qc3 {Strongly threatening ...Qc6+.} (47... Qc1 {is interesting.} 48. Ra6 Qb1 49. Ra7 Qc1) 48. Ra6 Qc2 49. R6xa5 Qc6+ 50. Kh2 Qb6 $1 {[%cal Rb6f2]} 51. Ra2 f4 $1 52. Ra6 fxg3+ 53. fxg3 Qe3 54. Ra7 Qd4 55. Rf7 Qd5 $2 {[%mdl 8192]} (55... Qc4 $14 56. Rff2 Qc5) 56. Raa7 {[%csl Ga7][%cal Rf7h7]} Qd2+ 57. Kh3 {Accuracy: White = 45%, Black = 44%.} 1-0

[Event "EIRCC 2019"]
[Site "Tallinn"]
[Date "2019.12.05"]
[Round "2.30"]
[White "Neff, Sergei"]
[Black "Galopoulos, Nikolaos"]
[Result "0-1"]
[WhiteElo "2131"]
[BlackElo "2439"]
[Annotator "NA"]
[PlyCount "62"]
[EventDate "2019.12.05"]
[EventType "swiss"]
[EventCountry "EST"]
[SourceTitle "playchess.com"]
[Source "ChessBase"]
[SourceQuality "1"]
[TimeControl "900+10"]

1. Nf3 {[%emt 0:01:39]} c5 {[%emt 0:00:00]} 2. g3 {[%emt 0:00:05]} Nc6 {[%emt 0:00:00]} 3. d4 {[%emt 0:00:07]} cxd4 {[%emt 0:00:00]} 4. Nxd4 {[%emt 0:00:01]} g6 {[%emt 0:00:00]} 5. Bg2 {[%emt 0:00:04]} Bg7 {[%emt 0:00:00]} 6. c3 {[%emt 0:00:38]} d5 {[%emt 0:00:30]} 7. Nxc6 {[%emt 0:00:27]} bxc6 {[%emt 0:00:02]} 8. e4 {[%emt 0:00:12]} Nf6 {[%emt 0:01:15]} 9. Bg5 {[%emt 0:00:53]} Rb8 {[%emt 0:00:19]} 10. b3 {[%emt 0:03:41]} Bg4 {[%emt 0:00:29]} 11. f3 {[%emt 0:00:38]} Be6 {[%emt 0:00:02]} 12. O-O {[%emt 0:00:35]} Qb6+ {[%emt 0:00:19]} 13. Kh1 {[%emt 0:00:02]} dxe4 {[%emt 0:00:02]} 14. fxe4 {[%emt 0:00:03]} O-O {[%emt 0:00:27]} 15. Qe1 {[%emt 0:00:30]} Rfd8 {[%emt 0:00:58]} 16. Be3 {[%emt 0:00:43]} Qa6 {[%emt 0:00:01]} 17. Bc5 {[%emt 0:00:25]} Rd7 {[%emt 0:00:14]} 18. Nd2 {[%emt 0:02:01]} Qd3 {[%emt 0:00:12]} 19. Bd4 {[%emt 0:00:51]} Ng4 {[%emt 0:01:28]} 20. e5 {[%emt 0:00:20]} c5 {[%emt 0:00:53]} 21. Be4 {[%emt 0:00:34]} Qb5 {[%emt 0:00:33]} 22. a4 {[%emt 0:00:57]} Qa5 {[%emt 0:00:22]} 23. b4 {[%emt 0:00:09]} cxb4 {[%emt 0:00:05]} 24. cxb4 {[%emt 0:00:01]} Rxb4 {[%emt 0:00:18]} 25. Bc3 {[%emt 0:00:02]} Bxe5 {[%emt 0:00:02]} 26. Bxb4 {[%emt 0:00:09]} Qxb4 {[%emt 0:00:01]} 27. Rd1 {[%emt 0:00:07]} Bc3 {[%emt 0:00:01]} 28. Rb1 {[%emt 0:01:03]} Rxd2 {[%emt 0:01:14]} 29. Qxd2 {[%emt 0:00:20]} Bxd2 {[%emt 0:00:04]} 30. Rxb4 {[%emt 0:00:01]} Bxb4 {[%emt 0:00:01]} 31. Kg2 {[%emt 0:00:05]} Ne3+ {[%emt 0:00:01]} 0-1